000 00330nam a2200121Ia 4500
008 220204s9999 xx 000 0 und d
082 _a34:336.271.1
_bRAJ
100 _aRAJNEESH KUMAR JAIN
245 0 _aAll India sales tax ready reckoner 1981-82
260 _aDelhi
_bFinance budget
_c1981
650 _aSales tax act
942 _cBK
999 _c36318
_d36318